| 000 | 00692nam a22001337a 4500 | ||
|---|---|---|---|
| 040 | _cRUA | ||
| 082 | _aVEM OUN 2015 B509 Or. | ||
| 100 | _aOUNG NANNTHA; អ៊ុង ណាន់ថា | ||
| 245 | _aSurvey on applying on traditional medicine for castle in target areas of avsf and hiefer organization; ការសិក្សាលើការប្រើប្រាស់ឱសថបុរាណក្នុងការព្យាបាលជំងឺគោក្របីនៅតាមតំបន់គោលដៅរបស់អង្គការ AVSF និង HIEFER | ||
| 260 |
_aPhnom Penh _bRUA _c2015 |
||
| 300 |
_avii;40p. _bill. _c29cm. |
||
| 856 | _uOUNG NANNTHA | ||
| 942 | _cVEM | ||
| 999 |
_c8941 _d8941 |
||